| 000 | 00442nam a2200169Ia 4500 | ||
|---|---|---|---|
| 003 | GCL | ||
| 008 | 140319s9999 xx 000 0 eng d | ||
| 040 |
_aGCL / _cGCL |
||
| 082 | 0 | 4 |
_a401.93 _bB L |
| 100 | 1 | _aBLOOM, LOIS | |
| 245 | 1 | 0 |
_aLANGUAGE DEVELOPMENT FROM TWO TO THREE / _cBLOOM, LOIS |
| 260 |
_a[S.N] : _bCAMBRIBGE UNIVERSITY PRESS ، _c1991 |
||
| 300 | _a514 P | ||
| 650 | 0 | 4 | _aACQUISITION |
| 650 | 0 | 4 | _aLANGUAGES |
| 942 |
_2ddc _cBK |
||
| 999 |
_c24364 _d24364 |
||